| Поле | Инд. | ПП | Название | Значение |
|---|---|---|---|---|
| Тип записи | a | |||
| Библиографический уровень | m | |||
| 001 | Контрольный номер | a50341a9-01e9-475d-aee0-39f370ca1f5c | ||
| 005 | Дата корректировки | 20211217150539.1 | ||
| 008 | Кодируемые данные | 070515 | ||
| 020 | a | ISBN | 5-7567-0397-7 | |
| c | Цена, тираж | 214.19 | ||
| 040 | a | Служба первич. каталог. | НБ ТвГУ | |
| 041 | 0_ | a | Код языка текста | rus |
| 080 | a | Индекс УДК | 070.432(075.8) | |
| 084 | a | Индекс другой классификации/Индекс ББК | Ч612.14я73-1 | |
| 090 | x | Авторский знак | Т35 | |
| a | Полочн. индекс | Ч612.1 | ||
| 100 | 1_ | a | Автор | Тертычный Александр Алексеевич |
| 245 | 10 | a | Заглавие | Жанры периодической печати |
| b | Продолж. заглавия | учеб. пособие для студентов вузов, обучающихся по направлению подгот. бакалавров и магистров "Журналистика" и специальности подгот. дипломир. специалистов "Журналистика" | ||
| c | Ответственность | А. А.Тертычный | ||
| 250 | a | Основные сведения об издании | Изд. 3-е, испр. и доп. | |
| 260 | 0_ | a | Место издания | Москва |
| b | Издательство | Аспект Пресс | ||
| c | Дата издания | 2006 | ||
| 300 | a | Объем | 319, [1] с. | |
| 504 | a | Библиография | Библиогр.: с. 317-318. - Библиогр. в примеч.: с. 315-316. | |
| 583 | a | Действие | Получение впервые 108 15.05.2007 | |
| k | Исполнитель действия | ОАО "БИБКОМ" | ||
| 583 | a | Действие | Приписка 271 26.10.2007 | |
| k | Исполнитель действия | ООО "Владос" | ||
| 583 | a | Действие | Приписка 176 30.07.2008 | |
| k | Исполнитель действия | ЗАО "Аспект-Пресс" | ||
| 650 | 04 | a | Основная рубрика | Журналистика |
| x | Основная подрубрика | Учебники для вузов | ||
| 650 | 04 | a | Основная рубрика | Жанры журналистики |
| 650 | 04 | a | Основная рубрика | Периодическая печать |
| 653 | 0_ | a | Ключевые слова | Журналистика |
| a | Ключевые слова | Жанры журналистики | ||
| a | Ключевые слова | Периодическая печать | ||
| a | Ключевые слова | Информационные жанры | ||
| a | Ключевые слова | Аналитические жанры | ||
| a | Ключевые слова | Художественно-публицистические жанры | ||
| 852 | 41 | t | Порядковый номер экземпляра | 2 |
| p | Инвентарный номер | 875238 | ||
| p | Инвентарный номер | 875239 | ||
| 852 | 41 | t | Порядковый номер экземпляра | 1 |
| p | Инвентарный номер | 887256 160.00 | ||
| 852 | 41 | t | Порядковый номер экземпляра | 15 |
| p | Инвентарный номер | 887257 160.00 | ||
| p | Инвентарный номер | 887258 160.00 | ||
| p | Инвентарный номер | 887259 160.00 | ||
| p | Инвентарный номер | 887260 160.00 | ||
| p | Инвентарный номер | 887261 160.00 | ||
| p | Инвентарный номер | 887262 160.00 | ||
| p | Инвентарный номер | 887263 160.00 | ||
| p | Инвентарный номер | 915364 135.52 | ||
| p | Инвентарный номер | 915365 135.52 | ||
| p | Инвентарный номер | 915366 135.52 | ||
| p | Инвентарный номер | 915367 135.52 | ||
| p | Инвентарный номер | 915368 135.52 | ||
| p | Инвентарный номер | 915369 135.52 | ||
| p | Инвентарный номер | 915370 135.52 | ||
| p | Инвентарный номер | 915371 135.52 | ||
| 863 | t | 00162826 | ||
| 863 | t | 00162825 | ||
| 863 | t | 00176665 | ||
| 863 | t | 00176666 | ||
| 863 | t | 00176667 | ||
| 863 | t | 00176668 | ||
| 863 | t | 00176669 | ||
| 863 | t | 00176670 | ||
| 863 | t | 00176671 | ||
| 863 | t | 00176672 | ||
| 863 | t | 00235379 | ||
| 863 | t | 00235380 | ||
| 863 | t | 00235381 | ||
| 863 | t | 00235382 | ||
| 863 | t | 00235383 | ||
| 863 | t | 00235384 | ||
| 863 | t | 00235385 | ||
| 863 | t | 00235386 | ||
| 888 | a | За счет средств университета | ||
| 901 | t | Тип документа | m | |
| 930 | a | Новая/Ретро | учебники | |
| 952 | p | 108.2007 214.19 1 875238 | ||
| p | 108.2007 214.19 1 875239 | |||
| p | 271.2007 160.00 1 887256 | |||
| p | 271.2007 160.00 1 887257 | |||
| p | 271.2007 160.00 1 887258 | |||
| p | 271.2007 160.00 1 887259 | |||
| p | 271.2007 160.00 1 887260 | |||
| p | 271.2007 160.00 1 887261 | |||
| p | 271.2007 160.00 1 887262 | |||
| p | 271.2007 160.00 1 887263 | |||
| p | 176.2008 135.52 1 915364 | |||
| p | 176.2008 135.52 1 915365 | |||
| p | 176.2008 135.52 1 915366 | |||
| p | 176.2008 135.52 1 915367 | |||
| p | 176.2008 135.52 1 915368 | |||
| p | 176.2008 135.52 1 915369 | |||
| p | 176.2008 135.52 1 915370 | |||
| p | 176.2008 135.52 1 915371 | |||
| c | Вид литературы | К ру | ||
| 954 | a | Дата поступления на обработку | 20070521 | |
| 999 | a | Подразделение 2 | аб. | |
| a | Подразделение 2 | ч.з. | ||
| a | Подразделение 2 | уч.о. |